000 00603nam a22001937a 4500
005 20100731154032.0
010 _aENG-97556
020 _a9788190903219
_c325.00
035 _aEN-81089
037 _bDBAD/PUB
082 _aS
100 _aHenry, O.
_93582
245 _aThe last leaf /
_cby O. Henry
260 _aNew Delhi
_bKutub Publication
_c2009
270 _a33/1, Bhul Bhullian Road, Mehrauli
_bNew Delhi
_e110030
300 _a190p.
_c23cm (Hb)
942 _2ddc
_cEN
_hS
_mHEN
999 _c38466
_d38466